[Event "HUN-ch U16/18 Girls"]
[Site "Buek"]
[Date "2023.06.22"]
[Round "4"]
[White "Buri, Kata"]
[Black "Kurai, Luca"]
[Result "1-0"]
[WhiteElo "1877"]
[BlackElo "1049"]
[PlyCount "45"]
[EventDate "2023.06.17"]
[EventType "swiss"]
[EventRounds "9"]
[EventCountry "HUN"]
[SourceTitle "CBM 215 Extra"]
[Source "ChessBase"]
[SourceDate "2023.09.30"]
[SourceVersion "1"]
[SourceVersionDate "2023.09.30"]
[SourceQuality "1"]

1. e4 c6 2. d4 d5 3. Nd2 dxe4 4. Nxe4 Bf5 5. Ng3 Bg6 6. h4 h6 7. h5 Bh7 8. Nf3 Nd7 9. Bd3 Bxd3 10. Qxd3 e6 11. Bd2 Ngf6 12. 0-0-0 Qc7 13. Qe2 0-0-0 14. Nf1 c5 15. Ne3 Bd6 16. Rh4 Rhf8 17. Nc4 Nb6 18. Nxd6+ Rxd6 19. dxc5 Qxc5 20. Bb4 Rxd1+ 21. Qxd1 Qxf2 22. Bxf8 Nfd7 23. Bxg7 1-0